000
00458nam a22001217a 4500
040
_c
HS
082
_a
298
100
_a
ជ្រុន រិទ្ធី
245
_a
Post-harvest technology of oilseeds : បច្ចេកវិជ្ជាក្រោយការប្រមូលផលគ្រាប់ធញ្ញជាតិផ្តល់ប្រេង
260
_a
RUA
_b
ជ្រុន រិទ្ធី
_c
2008
300
_a
37p;
942
_c
KB
999
_c
10124
_d
10124